[Event "Wch U18"]
[Site "Mamaia"]
[Date "2022.09.12"]
[Round "7"]
[White "Sargsyan, Sargis Vach"]
[Black "Tsaruk, Maksim"]
[Result "1/2-1/2"]
[WhiteElo "2315"]
[BlackElo "2392"]
[PlyCount "124"]
[EventDate "2022.09.06"]
[EventType "swiss"]
[EventRounds "11"]
[EventCountry "ROU"]
[SourceTitle "CBM 210 Extra"]
[Source "ChessBase"]
[SourceDate "2022.11.30"]
[SourceVersion "1"]
[SourceVersionDate "2022.11.30"]
[SourceQuality "1"]

1. d4 Nf6 2. c4 e6 3. Nf3 b6 4. g3 Ba6 5. b3 d5 6. Bg2 Bb4+ 7. Bd2 Be7 8. cxd5 exd5 9. Nc3 0-0 10. 0-0 c6 11. Re1 Nbd7 12. Qc2 Rc8 13. Rad1 Re8 14. Bh3 Bb4 15. Ne5 Rc7 16. a3 Bd6 17. Nxd7 Nxd7 18. e4 Bb7 19. b4 b5 20. exd5 cxd5 21. Qb3 Rxe1+ 22. Rxe1 a6 23. Nxd5 Rc4 24. Bg2 Rxd4 25. Be3 Rc4 26. Ne7+ Qxe7 27. Bxb7 Ne5 28. Bd5 Rc7 29. Qb1 Qf6 30. Rc1 h6 31. Rxc7 Bxc7 32. Qc2 Qd6 33. Qe4 Qd7 34. Bb7 Nc4 35. Bxa6 Nxe3 36. Qxe3 Qc6 37. Qc5 Qxa6 38. Qxc7 g6 39. Kf1 h5 40. h4 Qa8 41. Qc5 Qh1+ 42. Ke2 Qe4+ 43. Kd2 Qf3 44. Qe3 Qd5+ 45. Kc3 Qc4+ 46. Kb2 Kh7 47. Qd2 Kg8 48. Qf4 Qd3 49. Qe3 Qc4 50. Qc5 Qe2+ 51. Kc3 Qe1+ 52. Kd3 Qd1+ 53. Ke4 Qe2+ 54. Kf4 Kh7 55. Qa7 Kg8 56. Qa8+ Kh7 57. Qf3 Qe6 58. Qc3 Qe2 59. Qe3 Qg4+ 60. Ke5 Qe6+ 61. Kd4 Qc4+ 62. Ke5 Qe6+ 1/2-1/2

[Event "Wch U18"]
[Site "Mamaia"]
[Date "2022.09.11"]
[Round "6"]
[White "Nogerbek, Kazybek"]
[Black "Sargsyan, Sargis Vach"]
[Result "1-0"]
[WhiteElo "2457"]
[BlackElo "2315"]
[PlyCount "79"]
[EventDate "2022.09.06"]
[EventType "swiss"]
[EventRounds "11"]
[EventCountry "ROU"]
[SourceTitle "CBM 210 Extra"]
[Source "ChessBase"]
[SourceDate "2022.11.30"]
[SourceVersion "1"]
[SourceVersionDate "2022.11.30"]
[SourceQuality "1"]

1. Nf3 d5 2. e3 g6 3. c4 c6 4. Nc3 Bg7 5. d4 Nf6 6. Bd3 0-0 7. h3 Nbd7 8. 0-0 dxc4 9. Bxc4 c5 10. d5 Nb6 11. Qe2 Nxc4 12. Qxc4 b6 13. e4 e6 14. Bf4 exd5 15. exd5 Bb7 16. Rad1 Nd7 17. Rfe1 a6 18. a4 Re8 19. Ne4 b5 20. axb5 Qb6 21. Nd6 axb5 22. Rxe8+ Rxe8 23. Qxb5 Qxb5 24. Nxb5 Re4 25. Bc1 Rb4 26. Nc3 Bxc3 27. bxc3 Rb3 28. c4 Ba6 29. Re1 Bxc4 30. Nd2 Bxd5 31. Nxb3 Bxb3 32. Re8+ Kg7 33. Bb2+ Kh6 34. f4 g5 35. f5 g4 36. Rg8 f6 37. Rxg4 Bc2 38. Bc1+ Kh5 39. Rg7 Bxf5 40. g4+ 1-0

[Event "Wch U18"]
[Site "Mamaia"]
[Date "2022.09.08"]
[Round "3"]
[White "Can, Isik"]
[Black "Sargsyan, Sargis Vach"]
[Result "1-0"]
[WhiteElo "2483"]
[BlackElo "2315"]
[PlyCount "69"]
[EventDate "2022.09.06"]
[EventType "swiss"]
[EventRounds "11"]
[EventCountry "ROU"]
[SourceTitle "CBM 210 Extra"]
[Source "ChessBase"]
[SourceDate "2022.11.30"]
[SourceVersion "1"]
[SourceVersionDate "2022.11.30"]
[SourceQuality "1"]

1. e4 c5 2. Nf3 d6 3. d4 cxd4 4. Nxd4 Nf6 5. Nc3 a6 6. Be3 e5 7. Nb3 Be6 8. h3 Be7 9. f4 exf4 10. Bxf4 Nc6 11. Qe2 Nd7 12. 0-0-0 Nce5 13. Kb1 Rc8 14. Qe3 0-0 15. g4 Qc7 16. g5 Nb6 17. Rh2 Nbc4 18. Qg3 Rfe8 19. h4 Bf8 20. h5 g6 21. hxg6 hxg6 22. Bh3 Bg7 23. Bxe6 fxe6 24. Qh3 Kf7 25. Bxe5 Nxe5 26. Nd4 Qd7 27. Qh7 Rf8 28. Rf2+ Ke8 29. Rxf8+ Bxf8 30. Qh3 Ke7 31. Rf1 Re8 32. Rf6 Bg7 33. Nxe6 Bxf6 34. Nd5+ Kf7 35. Qh7+ 1-0

[Event "EU-ch U16"]
[Site "Bratislava"]
[Date "2019.08.04"]
[Round "3"]
[White "Acimovic, Sergej"]
[Black "Sargsyan, Sargis Vach"]
[Result "0-1"]
[WhiteElo "2016"]
[BlackElo "1923"]
[PlyCount "102"]
[EventDate "2019.08.02"]
[EventType "swiss"]
[EventRounds "9"]
[EventCountry "SVK"]
[SourceTitle "CBM 191 Extra"]
[Source "ChessBase"]
[SourceDate "2019.09.30"]
[SourceVersion "1"]
[SourceVersionDate "2019.09.30"]
[SourceQuality "1"]

1. d4 d6 2. c4 Nf6 3. Nc3 Nbd7 4. e4 e5 5. d5 Be7 6. Nf3 0-0 7. Be2 Nc5 8. Qc2 a5 9. 0-0 c6 10. Be3 Qc7 11. Bxc5 dxc5 12. h3 Re8 13. Rfd1 Bf8 14. Rd2 Bd7 15. Rad1 Rad8 16. Bf1 g6 17. dxc6 bxc6 18. Na4 Rb8 19. Re2 Nh5 20. g3 Ng7 21. Qc3 f6 22. Red2 Bc8 23. Bg2 Ne6 24. Qc2 Nd4 25. Nxd4 cxd4 26. c5 Ba6 27. Bf1 Bb5 28. Rb1 h5 29. a3 h4 30. b4 hxg3 31. fxg3 Bh6 32. Rdd1 Be3+ 33. Kg2 f5 34. Nb6 axb4 35. Bxb5 cxb5 36. Nd5 Qf7 37. Nxe3 dxe3 38. axb4 f4 39. Rf1 Rbd8 40. Qb3 Rd2+ 41. Kf3 Re6 42. Ra1 g5 43. Ra8+ Kg7 44. Ra7 Rd7 45. Rxd7 Qxd7 46. Qd5 Qe8 47. g4 Re7 48. Qd6 Rd7 49. Qc6 e2 50. Qxb5 exf1Q+ 51. Qxf1 Qa8 0-1

[Event "Wch U12"]
[Site "Batumi"]
[Date "2016.10.19"]
[Round "1"]
[White "Sargsyan, Sargis Vach"]
[Black "Jaakkola, Konsta"]
[Result "1-0"]
[WhiteElo "2014"]
[BlackElo "1536"]
[PlyCount "71"]
[EventDate "2016.10.19"]
[EventType "swiss"]
[EventRounds "11"]
[EventCountry "GEO"]
[SourceTitle "EXT 2018"]
[Source "ChessBase"]
[SourceDate "2017.10.13"]
[SourceVersion "1"]
[SourceVersionDate "2017.10.13"]
[SourceQuality "1"]

1. d4 Nf6 2. c4 e6 3. Nc3 Bb4 4. e3 0-0 5. Nge2 c5 6. a3 cxd4 7. exd4 Be7 8. g3 Nc6 9. Bg2 d5 10. cxd5 exd5 11. 0-0 Bg4 12. h3 Be6 13. Be3 Bd6 14. Rc1 Qd7 15. Kh2 Ne7 16. Bf4 Ng6 17. Bxd6 Qxd6 18. Qb3 a6 19. Na4 Nd7 20. Qxb7 Rfb8 21. Qc7 Qf8 22. Qa5 Qe7 23. Qd2 f5 24. Qe3 Qf6 25. Rc6 Re8 26. Nf4 Nxf4 27. Qxf4 g5 28. Qc7 Qf7 29. Re1 Rac8 30. Qxc8 Rxc8 31. Rxc8+ Nf8 32. Rb8 f4 33. Nc5 Bxh3 34. Ree8 fxg3+ 35. fxg3 Qh5 36. Rxf8+ 1-0

[Event "EU-ch U12 26th"]
[Site "Prague"]
[Date "2016.08.26"]
[Round "8"]
[White "Sargsyan, Sargis Vach"]
[Black "Petkov, Momchil"]
[Result "1/2-1/2"]
[WhiteElo "1912"]
[BlackElo "1997"]
[PlyCount "173"]
[EventDate "2016.08.18"]
[EventType "swiss"]
[EventRounds "9"]
[EventCountry "CZE"]
[SourceTitle "CBM 174 Extra"]
[Source "ChessBase"]
[SourceDate "2016.10.10"]
[SourceVersion "1"]
[SourceVersionDate "2016.10.10"]
[SourceQuality "1"]

1. Nf3 f5 2. d4 Nf6 3. g3 e6 4. Bg2 Be7 5. 0-0 0-0 6. c4 d5 7. b3 c6 8. Ba3 Bxa3 9. Nxa3 Bd7 10. Nc2 Be8 11. Nce1 Nbd7 12. Nd3 Bh5 13. Nfe5 Qe7 14. Qc2 Kh8 15. f3 Rac8 16. Nxd7 Nxd7 17. Nf4 Bf7 18. cxd5 cxd5 19. Qd2 Qa3 20. Rfc1 a5 21. Nd3 b6 22. e3 Qd6 23. Rxc8 Rxc8 24. Rc1 Rc6 25. Kf2 Kg8 26. Bf1 Qc7 27. Rxc6 Qxc6 28. Qc1 Qxc1 29. Nxc1 Kf8 30. Bb5 Ke7 31. Nd3 Be8 32. Bxd7 Kxd7 33. a4 Kd6 34. h4 Bg6 35. Ke2 Bh5 36. Ne5 Be8 37. g4 fxg4 38. fxg4 Kc7 39. h5 Kd6 40. Nd3 Ke7 41. Kf3 h6 42. Ne5 b5 43. axb5 Bxb5 44. Kf4 Kf6 45. Nf3 Ke7 46. Ne5 Kd6 47. Kf3 Ba6 48. Kf2 Bb5 49. Kf3 Ke7 50. Ng6+ Kd6 51. Ne5 Ke7 52. Kg3 Kf6 53. Kh4 Ke7 54. g5 hxg5+ 55. Kxg5 a4 56. bxa4 Bxa4 57. Nd3 Be8 58. Nf4 Kd6 59. Ng6 Bf7 60. Ne5 Be8 61. Ng4 Ke7 62. Nf2 Kd6 63. Nh1 Ke7 64. Ng3 Kd6 65. Kf4 Bf7 66. Kg5 Be8 67. Ne2 Bf7 68. Nf4 Be8 69. Nd3 Bf7 70. Ne5 Be8 71. h6 gxh6+ 72. Kxh6 Ke7 73. Kg7 Bh5 74. Ng6+ Bxg6 75. Kxg6 e5 76. Kf5 exd4 77. exd4 Kf7 78. Ke5 Ke7 79. Kxd5 Kd7 80. Ke5 Ke7 81. d5 Kd7 82. d6 Kd8 83. Kf6 Kd7 84. Ke5 Kd8 85. Ke6 Ke8 86. d7+ Kd8 87. Kd6 1/2-1/2

[Event "EU-ch U12 26th"]
[Site "Prague"]
[Date "2016.08.19"]
[Round "2"]
[White "Sargsyan, Sargis Vach"]
[Black "Grzesik, Gracjan"]
[Result "1-0"]
[WhiteElo "1912"]
[BlackElo "1734"]
[PlyCount "81"]
[EventDate "2016.08.18"]
[EventType "swiss"]
[EventRounds "9"]
[EventCountry "CZE"]
[SourceTitle "CBM 174 Extra"]
[Source "ChessBase"]
[SourceDate "2016.10.10"]
[SourceVersion "1"]
[SourceVersionDate "2016.10.10"]
[SourceQuality "1"]

1. d4 d5 2. c4 e6 3. Nc3 Nf6 4. Nf3 Be7 5. Bf4 a6 6. e3 0-0 7. c5 b6 8. b4 Bb7 9. Bd3 Nbd7 10. 0-0 Ne4 11. Qc2 f5 12. c6 Bxc6 13. Nxe4 dxe4 14. Qxc6 exd3 15. Bxc7 Qe8 16. Qxe6+ Kh8 17. Qb3 Rc8 18. Be5 d2 19. Nxd2 Nxe5 20. dxe5 f4 21. exf4 Rxf4 22. Rac1 Rd8 23. Rc4 Rf5 24. Nf3 Rf8 25. Rc7 Rc8 26. Rxc8 Qxc8 27. h3 h6 28. a3 a5 29. bxa5 bxa5 30. Rd1 Qf5 31. a4 Bb4 32. Qd3 Qh5 33. Qe4 Re8 34. Rd7 Be7 35. Kh2 Bd8 36. g4 Qg5 37. Nxg5 Bxg5 38. Qc6 Rg8 39. Kg3 Bc1 40. e6 Ba3 41. e7 1-0

[Event "EU-ch U12 26th"]
[Site "Prague"]
[Date "2016.08.18"]
[Round "1"]
[White "Barak, David"]
[Black "Sargsyan, Sargis Vach"]
[Result "1/2-1/2"]
[WhiteElo "1627"]
[BlackElo "1912"]
[PlyCount "87"]
[EventDate "2016.08.18"]
[EventType "swiss"]
[EventRounds "9"]
[EventCountry "CZE"]
[SourceTitle "CBM 174 Extra"]
[Source "ChessBase"]
[SourceDate "2016.10.10"]
[SourceVersion "1"]
[SourceVersionDate "2016.10.10"]
[SourceQuality "1"]

1. d4 Nf6 2. Nf3 e6 3. Bf4 b6 4. e3 Bb7 5. Be2 Be7 6. 0-0 0-0 7. c4 c5 8. Nc3 cxd4 9. Nxd4 d6 10. Bg3 Na6 11. Bf3 Qc8 12. Bxb7 Qxb7 13. Rc1 Rac8 14. Qe2 Nc5 15. Rfd1 Rfd8 16. Kf1 Nce4 17. Nxe4 Nxe4 18. Rc2 Nxg3+ 19. hxg3 d5 20. cxd5 Rxc2 21. Nxc2 Rxd5 22. Rxd5 Qxd5 23. b3 h6 24. Nd4 Bf6 25. Nf3 Qe4 26. Kg1 a6 27. Kh2 Qb1 28. Nd4 Bxd4 29. exd4 Qf5 30. Qd2 Qd5 31. Qc3 g6 32. Qe3 Kg7 33. a4 h5 34. f3 Qd6 35. Kh3 Qd5 36. Kh2 Kf6 37. Qf4+ Kg7 38. Qe3 Kg8 39. Kh3 Kf8 40. Qc3 Kg8 41. Qe3 Qf5+ 42. Kh2 Qd5 43. Kh3 g5 44. Qd3 1/2-1/2